Nghiên cứu kỹ thuật kích thích sinh sản nhân tạo và ương nuôi cá giống bông lau : Báo cáo nghiệm thu đề tà cáp trường

Đề tài nghiên cứu nhằm tìm ra liều lượng kích thích tố thích hợp cho việc kích thích sinh sản nhân tạo cá bông lau, Xác định mật độ nuôi thích hợp để cá tăng trưởng và đạt tỉ lệ sống tốt trong điều kiện nhân tạo, tạo ra nguồn cá giố...

Ausführliche Beschreibung

Gespeichert in:
Bibliographische Detailangaben
1. Verfasser: Huỳnh, Hữu Ngãi
Format: Buch
Sprache:Undetermined
Veröffentlicht: Cần Thơ Trường Đại học Cần Thơ 2010
Schlagworte:
Tags: Tag hinzufügen
Keine Tags, Fügen Sie den ersten Tag hinzu!
Thư viện lưu trữ: Trung tâm Học liệu Trường Đại học Cần Thơ
LEADER 01597nam a2200229Ia 4500
001 CTU_164897
008 210402s9999 xx 000 0 und d
082 |a 639.31 
082 |b Ng103 
088 |a TNCS2010-05 
100 |a Huỳnh, Hữu Ngãi 
245 0 |a Nghiên cứu kỹ thuật kích thích sinh sản nhân tạo và ương nuôi cá giống bông lau : 
245 0 |b Báo cáo nghiệm thu đề tà cáp trường 
245 0 |c Huỳnh Hữu Ngãi (chủ nhiệm đề tài) 
260 |a Cần Thơ 
260 |b Trường Đại học Cần Thơ 
260 |c 2010 
520 |a Đề tài nghiên cứu nhằm tìm ra liều lượng kích thích tố thích hợp cho việc kích thích sinh sản nhân tạo cá bông lau, Xác định mật độ nuôi thích hợp để cá tăng trưởng và đạt tỉ lệ sống tốt trong điều kiện nhân tạo, tạo ra nguồn cá giống để bảo tồn nòi giống tránh hiện tượng tuyệt chủng. Nội dung gồm: Nghiên cứu kỹ thuật kích thích sinh sản nhân tạo bằng các liều kích thích tố (HCG) khác nhau; Nghiên cứu kỹ thuật ương nuôi cá hương, cá giống bông lau bằng các loại thức ăn và mật độ khác nhau. 
650 |a Freshwater fishes,Nuôi cá nước ngọt 
904 |i Thảo, Hải 
915 |a TS 
980 |a Trung tâm Học liệu Trường Đại học Cần Thơ